000 00379cam a2200169ua 4500
020 _c2.00
041 _akar
_h
082 _a523.2
_bJOS/SO
100 _aJoseph, T.K .
245 _aSoorya samrajyam
260 _aThiruvananthapuram :
_bUniversity of Travancore ,
_c1956.
300 _a216 ; .
365 _a2.00
504 _a
942 _cBK
999 _c4311
_d4311